LEADER 02801nam 2200553Ia 450 001 9910972748903321 005 20251116202306.0 010 $a1-134-68848-2 010 $a0-415-17388-4 010 $a1-134-68849-0 010 $a0-203-40038-0 010 $a1-280-02077-6 024 7 $a10.4324/9780203400388 035 $a(MiAaPQ)EBC180141 035 $a(Au-PeEL)EBL180141 035 $a(CaPaEBR)ebr10100644 035 $a(CaONFJC)MIL2077 035 $a(OCoLC)437082733 035 $a(OCoLC)84374626 035 $a(CKB)1000000000399004 035 $a(EXLCZ)991000000000399004 100 $a19991129d2000 uy 0 101 0 $aeng 135 $aurcn#|||uuuuu 181 $ctxt$2rdacontent 182 $cc$2rdamedia 183 $acr$2rdacarrier 200 10$aPhilosophical Shakespeares /$fedited by John J. Joughin 205 $a1st ed. 210 $aLondon ;$aNew York $cRoutledge$d2000 215 $axiv, 130p 225 1 $aAccents on Shakespeare 311 08$a0-203-40091-7 311 08$a0-415-17389-2 320 $aIncludes bibliographical references (p. [115]-124) and index. 327 $tchapter 1 Philosophical Shakespeares: an introduction /$rJohn J.Joughin -- $tchapter 2 How many children did she have? /$rMichael D.Bristol -- $tchapter 3 On the need for a differentiated theory of (early) modern subjects /$rHugh Grady -- $tchapter 4 We were never early modern /$rLinda Charnes -- $tchapter 5 Violence and philosophy: Nathaniel Merriman, A.W.Schlegel and Jack Cade -- $tchapter 6 Reading Shakespeare with intensity: A commentary on some lines from Nietzsche's Ecce Homo /$rScott Wilson -- $tchapter 7 Shakespeare's monster of nothing /$rHoward Caygill. 330 $aShakespeare continues to articulate the central problems of our intellectual inheritance. The plays of a Renaissance playwright still seem to be fundamental to our understanding and experience of modernity. Key philosophical questions concerning value, meaning and justice continue to resonate in Shakespeare's work. In the course of rethinking these issues, Philosophical Shakespeares actively encourages the growing dissolution of boundaries between literature and philosophy. The approach throughout is interdisciplinary, and ranges from problem-centred readings of particular plays to more general elaborations of the significance of Shakespeare in relation to individual thinkers or philosophical traditions. 410 0$aAccents on Shakespeare. 606 $aPhilosophy in literature 615 0$aPhilosophy in literature. 676 $a822.3/3 700 $aJoughin$b John J$0687750 801 0$bMiAaPQ 801 1$bMiAaPQ 801 2$bMiAaPQ 906 $aBOOK 912 $a9910972748903321 996 $aPhilosophical Shakespeares$91232603 997 $aUNINA